MARC

LEADER 00000nam0a2200000 4500
001 72443
005 20231031083427.0
035 |a (RuTPU)RU\TPU\book\77250 
090 |a 72443 
100 |a 20050124d1982 km y0rusy50 ca 
101 1 |a rus  |c eng 
102 |a RU 
105 |a a z 001zy 
200 1 |a Массопередача  |e перевод с английского  |f Т. К. Шервуд, Р. Л. Пигфорд, Ч. Р. Уилки  |g Под ред. В. А. Малюсова 
210 |a Москва  |c Химия  |d 1982 
215 |a 695 с.  |c ил. 
225 1 |a Процессы и аппараты химической и нефтехимической технологии 
300 |a Доп. тит. лист 
320 |a Библиография в конце глав. 
320 |a Предметный указатель: с. 675-695. 
610 1 |a массообмен 
610 1 |a молекулярная диффузия 
610 1 |a уравнения скоростей 
610 1 |a турбулентная диффузия 
610 1 |a массопередача 
610 1 |a массообменное оборудование 
610 1 |a химические реакции 
610 1 |a химико-технологические процессы 
610 1 |a библиотека А. Г. Стромберга 
675 |a 66.021.3  |v 3 
700 1 |a Шервуд  |b Т. К.  |g Томас К. 
701 1 |a Пигфорд  |b Р. Л.  |g Роберт Л. 
701 1 |a Уилки  |b Ч. Р.  |g Чарльз Р. 
702 1 |a Малюсов  |b В. А.  |4 340 
801 1 |a RU  |b 63413507  |c 20050124  |g PSBO 
801 2 |a RU  |b 63413507  |c 20170912  |g PSBO 
942 |c BK